Current issues in business ethics

Αποθηκεύτηκε σε:
Λεπτομέρειες βιβλιογραφικής εγγραφής
Άλλοι συγγραφείς: Davies, Peter W. F. 1956- (Επιμελητής έκδοσης)
Μορφή: Βιβλίο
Γλώσσα:English
Δημοσίευση: London : Routledge, 1997
Σειρά:Professional ethics
Θέματα:
Ετικέτες: Προσθήκη ετικέτας
Δεν υπάρχουν, Καταχωρήστε ετικέτα πρώτοι!

MARC

LEADER 00000nam a2200000 i 4500
001 1/56801
008 980507s1997 eng d
020 |a 0415124506 
035 |l 10028084 
040 |a GR-MY-UA  |b gre  |e aacr 
041 0 |a eng 
082 0 |a 174.4 
245 1 0 |a Current issues in business ethics /  |c edited by Peter W.F. Davies 
260 |a London :   |b Routledge,   |c 1997 
300 |a xviii, 204 p. 
490 1 |a Professional ethics 
504 |a Includes index 
650 0 0 |a Business ethics. 
700 1 |a Davies, Peter W. F.  |d 1956-  |4 edt 
830 0 |a Professional ethics 
852 |a INST  |b CHIOS  |e 19980507  |h 174.4 CUR  |p 005200016579  |q 005200016579  |t BK  |y 0 
901 |a BIBL-1998-2 
909 |a Χ  |b 055132 
922 |a 2ΕΛΗ  |b 199803  |c ΤΔΕ  |d ΠΑΠΑΣΩΤΗΡΙΟΥ